000 00661nam a2200277Ia 4500
005 20260324122922.0
008 008 260324s9999 xx 000 0 eng d
020 _a9780203803318
037 _aEBOOK
040 _aCRL
040 _beng
040 _cCRL
041 _2eng
041 _aeng
084 _qCRL
100 _aRohinton Emmanuel; Keith Baker
_91168327
245 0 _aCarbon Management in the Built Environment
260 _bTaylor and Francis
260 _c2012
365 _a
365 _b400
856 _uhttp://www.taylorfrancis.com/books/9780203803318
942 _cEBOOK
999 _c1761409
_d1761409